Factibilidad social de la creación del Parque Nacional Natural Caparu (región del bajo Apaporis, Vaupés, Colombia) (Registro nro. 386)

Detalles MARC
000 -CABECERA
Campo de control 00873nam a2200265 a 4500
005 - FECHA Y HORA DE LA ULTIMA TRANSACCION
Campo de control 20151123100448.0
008 - ELEMENTOS DE LONGITUD FIJA—INFORMACION GENERAL
Campo de control 140220b1992 ck ||||| |||| 00| 0 spa d
040 ## - FUENTE DE CATALOGACIÓN
Agencia catalogadora original CO-BoIAVH
Agencia transcriptora CO-BoIAVH
041 ## - IDIOMA
Código de idioma para texto/pista de sonido o título separado Español
044 ## - PAÍS DE PUBLICACIÓN
País de publicación Colombia
090 ## - CLASIFICACIÓN LOCAL
Colección LB
Consecutivo 00367
100 ## - ASIENTO PRINCIPAL--NOMBRE PERSONAL
Nombre personal Arjona, Beatriz
245 ## - MENCION DE TITULO
Título Factibilidad social de la creación del Parque Nacional Natural Caparu (región del bajo Apaporis, Vaupés, Colombia)
Parte restante del título fase de aproximación
260 ## - PUBLICACION, DISTRIBUCION, ETC. (PIE DE IMPRENTA)
Lugar de publicación, distribución, etc. Bogotá
Nombre del editor, distribuidor, etc. Fundación Natura Colombia
Fecha de publicación, distribución, etc. 1992
300 ## - DESCRIPCION FISICA
Extensión 45 p.
650 ## - ASIENTO SECUNDARIO DE MATERIA - TERMINO TEMATICO
Término temático o nombre geográfico como elemento de entrada Estudio de factibilidad
650 ## - ASIENTO SECUNDARIO DE MATERIA - TERMINO TEMATICO
Término temático o nombre geográfico como elemento de entrada Comunidades indígenas
650 ## - ASIENTO SECUNDARIO DE MATERIA - TERMINO TEMATICO
Término temático o nombre geográfico como elemento de entrada Uso de biodiversidad
650 ## - ASIENTO SECUNDARIO DE MATERIA - TERMINO TEMATICO
Término temático o nombre geográfico como elemento de entrada Recursos forestales
650 ## - ASIENTO SECUNDARIO DE MATERIA - TERMINO TEMATICO
Término temático o nombre geográfico como elemento de entrada Pesca
650 ## - ASIENTO SECUNDARIO DE MATERIA - TERMINO TEMATICO
Término temático o nombre geográfico como elemento de entrada Fauna
650 ## - ASIENTO SECUNDARIO DE MATERIA - TERMINO TEMATICO
Término temático o nombre geográfico como elemento de entrada Vegetación
662 ## - ASIENTO SECUNDARIO DE MATERIA - JERARQUIA DEL NOMBRE DE LUGAR(
País o entidad mayor Colombia
Jurisdicción política intermedia Parque Nacional Natural Caparu
Jurisdicción política de primer orden Vaupés
942 ## - ELEMENTOS ADICIONALES (KOHA)
Tipo de ítem Informe Técnico
Sistema de clasificación Local
Existencias
Withdrawn status Lost status Sistema de Clasificación Damaged status No para préstamo Colección Inventariado Ubicación Permanente Ubicación actual Fecha de adquisición Total Checkouts Número topográfico Inventario / Código de Barras Checked out Date last seen Date checked out Ejemplar Price effective from Forma de adquisición Tipo de material Fuente de Valor Public note
    Local     General Inventariado 2017 Bogotá Bogotá 01/02/1998 1 LB-00367 000538 24/07/2018 24/07/2018 24/07/2018 Ej. 1 04/12/2012   Informe Técnico    
    Local     General Inventariado 2017 Bogotá Bogotá 01/02/1998   LB-00367 000539   04/12/2012   Ej. 1 04/12/2012   Mapa WCS Resguardo indígena de Puerto Cordoba (departamento del Amazonas) los recursos naturales del resguardo